000 01237naa a22003497a 4500
001 BR9210844
003 BR-BrBNA
005 20250721155418.0
007 ta
008 250630b bl.|||m| |||| 00| 0 por d
040 _aBR-BrBNA
_bpor
_cBiblioteca Nacional de Agricultura
041 _a(Pt)
072 _aF02
_b1190
_bG514
090 _aF02 BR9210844
100 1 _aMuller, C.H.
100 1 _aCalzavara, B.B.G.
100 1 _aKahwage, O. de N. da C.
100 1 _aViegas, R.M.F.
100 1 _aKato, A.K.
100 1 _aGuimaraes, P.E. de O.
111 1 _a1. Simposio do Tropico Umido
_cBelem, PA (Brazil)
_d12-17 Nov 1984
245 1 _aEnxertia de ponteira em cupuacuzeiro (Theobroma grandiflorum, Schum)
500 _aAnais do 1. Simposio do Tropico Umido Brasilia, DF (Brasil): 1986. p. 237-243 [20 ref.; Summaries (En, Pt)] (BR9210844-AMS)
773 0 _tAnais do 1. Simposio do Tropico Umido
_b
_wF02 BR9210844
_gBrasilia, DF (Brasil), 1986. p. 237-243
650 _aCUPUACU
650 _aREPRODUCAO VEGETAL
650 _aENXERTO
650 _aGARFAGEM
490 _aDocumentos - Centro de Pesquisa Agropecuaria do Tropico Umido (Brazil)
_vno. 36
942 _cAMS
_2AGRIS
909 _a202506
_bLúcia
_c55
_dLúcia Elande
999 _c336353
_d336353